00314nam a2200121Ia 4500008004100000041000800041082002000049100002900069245003400098260003200132502001100164999001700175230128s9999 xx 000 0 und d aeng aJOS PR0226bJOS aJoshi A (2K4207)9118963 aSales and Distribution System c2006bPune UniversityaPune cVaze S c97261d97261